| 000 | 00486nam a2200181Ia 4500 | ||
|---|---|---|---|
| 003 | LK-CoDNM | ||
| 005 | 20230923124338.0 | ||
| 008 | 010623t1932 xxu||||| |||| 00| 1 eng d | ||
| 040 |
_aLK-CoDNM _dLK-CoDNM _eLK-CoDNM |
||
| 041 | _aeng | ||
| 080 | _a12 GG1 | ||
| 100 | _aGrierson,George.A. | ||
| 245 | _aA Dictionary of the Kaashmiiri Language | ||
| 260 |
_bAsiatic Society of Bengal _aCalcutta _c1932 |
||
| 300 | _bxviii,1252p., 31 cm | ||
| 650 | _aPendit Isvara Kaula | ||
| 942 | _cBK | ||
| 999 |
_c96097 _d96097 |
||